الألعاب النزالية / (رقم التسجيلة. 62775)

تفاصيل مارك
000 -LEADER
fixed length control field 00630nam a22001937a 4500
005 - DATE AND TIME OF LATEST TRANSACTION
control field 20251108171809.0
008 - FIXED-LENGTH DATA ELEMENTS--GENERAL INFORMATION
fixed length control field 250721s1989 xx 000 0 ara d
082 14 - DEWEY DECIMAL CLASSIFICATION NUMBER
Classification number ط/796.8/ديز
100 1# - MAIN ENTRY--PERSONAL NAME
Personal name المستكاوي، نجيب
Relator term مترجم
245 10 - TITLE STATEMENT
Title الألعاب النزالية /
264 1# - PRODUCTION, PUBLICATION, DISTRIBUTION, MANUFACTURE, AND COPYRIGHT NOTICE
Place of production, publication, distribution, manufacture القاهره :
Name of producer, publisher, distributor, manufacturer مركز الأهرام للترجمة و النشر،
Date of production, publication, distribution, manufacture, or copyright notice 1989.
300 ## - PHYSICAL DESCRIPTION
Extent 45ص : مص
490 0# - SERIES STATEMENT
Series statement موسوعة جوفي الرياضية
650 17 - SUBJECT ADDED ENTRY--TOPICAL TERM
Topical term or geographic name as entry element المبارزة
653 ## - INDEX TERM--UNCONTROLLED
Uncontrolled term ناشئون صغار ( 10 - 14 سنة )
710 2# - ADDED ENTRY--CORPORATE NAME
Corporate name or jurisdiction name as entry element والت ديزني
942 ## - ADDED ENTRY ELEMENTS (KOHA)
Source of classification or shelving scheme Dewey Decimal Classification
Koha item type كتب
المقتنيات
حالة السحب حالة الفقدان مصدر التصنيف حالة التلف غير قابل للإعارة المكتبة الرئيسية المكتبة الحالية موقع الرف تاريخ التزويد الرقم المتسلسل Total Checkouts رقم الإستدعاء تاريخ آخر ظهور تاريخ الفاتورة نوع المادة (كوها) الباركود
    Dewey Decimal Classification Unchecked   مكتبة الأميرة ايمان العامة مكتبة الأميرة ايمان العامة الأطفال 06/07/2004 1407   ط/796.8/ديز 28/07/2025 06/07/2004 كتب  
    Dewey Decimal Classification     مكتبة الأميرة ايمان العامة مكتبة الأميرة ايمان العامة الأطفال 08/12/2013 387466   ط/796.8/ديز 28/07/2025 08/12/2013 كتب PLD00289989
    Dewey Decimal Classification Unchecked   مكتبة البراءة للأطفال مكتبة البراءة للأطفال الأطفال 28/07/2025 387464   ط/796.8/ديز 28/07/2025 28/07/2025 كتب  
    Dewey Decimal Classification     مكتبة صويلح العامة مكتبة صويلح العامة الأطفال 28/07/2019 387477   ط/796.8/ديز 28/07/2025 28/07/2019 كتب PLD00459984
Implemented & Customized by: BBB with SCIT (Smart Chains for Information Technology)

Powered by Koha